[Event "Stay Safe Play From Home 140"]
[Site "T#645950Emanuel Laske"]
[Date "2020.05.11"]
[Round "6"]
[White "Mepe_Nika"]
[Black "KLIND"]
[Result "1-0"]
[WhiteElo "2418"]
[BlackElo "1945"]
[Annotator "TA"]
[PlyCount "64"]
[EventDate "2020.05.11"]
[EventType "swiss (blitz)"]

{[%evp 9,64,49,40,13,64,11,16,7,13,-56,-58,-85,-84,-66,-63,-74,-73,-151,-47,-138,-87,-144,-159,-143,890,897,1087,1070,1034,991,1039,1037,1277,1253,1393,1042,1062,1033,920,768,29975,29976,29976,29972,29964,29965,29960,12828,29972,29973,29988,1116,29978,29973,29991,29992,29996]} 1. d4 d5 2. Bf4 c6 3. e3 Nf6 4. c4 g6 5. Nc3 Bg7 6. h4 {[#] D82: Grünfeld: 4 Bf4.} Bg4 $146 (6... O-O $11) ({Predecessor:} 6... Qa5 7. Qd2 Nbd7 8. a3 dxc4 9. Bxc4 Nb6 10. Ba2 Nbd5 11. b4 Qxa3 12. Nxd5 Nxd5 13. Rb1 Qc3 14. Bxd5 Qxd2+ 15. Kxd2 cxd5 {0-1 (43) Kireeva,L (1920)-Gerasimova,O (2010) Zelenograd 2018}) 7. Be2 (7. Qb3 $14) 7... Bxe2 $11 8. Qxe2 {The position is equal.} O-O 9. h5 (9. Nf3 $11) 9... Nxh5 $15 10. Rxh5 gxh5 11. Qxh5 {[%cal Rc4d5]} Nd7 12. Nf3 Nf6 13. Qh3 ({Better is} 13. Qh4) 13... Qd7 (13... Qc8 $17 14. cxd5 Qxh3 15. gxh3 Nxd5) 14. Qh2 ({White should try} 14. Qxd7 $15 Nxd7 15. cxd5) 14... h6 ({Black should play} 14... Ne4 15. Nxe4 dxe4) 15. Bxh6 (15. O-O-O $142) 15... Ng4 $17 {[%mdl 64] [#] Double Attack} 16. Qh3 {Black should prevent Bxg7.} Nxh6 $2 {[%mdl 8192] Black cannot hold the game after this.} (16... Bxh6 $17 17. Nh2 f5 18. Nxg4 fxg4 19. Qxh6 Qf5) 17. Qxd7 $18 b6 18. Qxc6 dxc4 19. Qxc4 Rac8 20. Qd3 Ng4 21. Ng5 {[%csl Gg5][%cal Rd3h7]} f5 22. O-O-O Nxf2 23. Qe2 Nxd1 24. Qxd1 e5 25. Qh5 {[%csl Gg5][%cal Rh5h7]} Rf6 26. dxe5 Rh6 27. Qf7+ {[%mdl 64] [#] Double Attack} Kh8 28. Qxf5 Rf8 29. Nf7+ {[%mdl 64] Double Attack} Kg8 30. e6 (30. Nxh6+ $142 Bxh6 31. Qg6+ Bg7 32. Nd5 Rc8+ 33. Kb1 Rd8 34. Qe6+ Kf8 35. Qf5+ Ke8 36. Qg6+ Kf8 37. e6) 30... Rh1+ 31. Kc2 Rf1 32. Qxf1 Bf6 {Accuracy: White = 37%, Black = 40%.} 1-0

[Event "Stay Safe Play From Home 140"]
[Site "T#645950Emanuel Laske"]
[Date "2020.05.11"]
[Round "6"]
[White "SoulofWolf"]
[Black "Haxhi Baha"]
[Result "1-0"]
[WhiteElo "2180"]
[BlackElo "1960"]
[Annotator "TA"]
[PlyCount "101"]
[EventDate "2020.05.11"]
[EventType "swiss (blitz)"]

{[%evp 9,101,-10,-5,-7,0,2,4,-10,-14,-29,-29,-33,-18,-38,-34,-35,-35,-43,-45,-79,-3,-23,-18,-26,0,-55,-53,-86,-79,-77,-73,-189,-36,-243,-236,-235,-163,-263,0,0,0,-12,105,-147,-37,-44,0,5,22,49,19,8,72,55,446,-189,0,-299,0,0,1,-35,-49,-692,-691,-672,-656,-726,-717,-844,-831,-1260,-1260,-1253,-1238,-1202,-797,-1066,29999,-1197,-1175,-1014,-851,-1255,-1215,-1353,-1379,-1617,-1454,-5611,-5131,-6420,-6104,-6172]} 1. Nf3 e6 2. c4 d5 3. e3 c6 4. b3 Nf6 {[#]} 5. a4 $146 ({Predecessor:} 5. Bb2 Bd6 6. Nc3 Nbd7 7. Qc2 a6 8. d4 e5 9. dxe5 Nxe5 10. O-O-O Qe7 11. Nxe5 Bxe5 12. cxd5 cxd5 13. Nxd5 Nxd5 14. Rxd5 Bxb2+ 15. Kxb2 {½-½ (90) Sargissian,G (2679)-Bartel,M (2623) Baku 2015}) 5... Be7 6. Bb2 {A11: English Opening: 1...c6.} a5 7. d4 Na6 8. Nbd2 {The position is equal.} Nb4 9. Bc3 O-O 10. Be2 Ne4 11. Nxe4 dxe4 12. Nd2 f5 13. O-O b6 14. f3 exf3 (14... Bg5 $17 15. f4 Bf6) 15. Bxf3 Bg5 16. Qe2 Bb7 $36 {[%mdl 2048] Black is more active.} 17. g3 (17. Nb1 $11) 17... Nc2 $15 18. Rac1 Nxe3 19. Rfe1 f4 20. g4 (20. Nf1 $17 Nxf1 21. Rxf1) 20... h5 $2 (20... Bh4 $19 {Threatens to win with ...Qe7.} 21. Nf1 Qf6) 21. h3 $2 (21. gxh5 $15 Bh4 22. Kh1) 21... Bh4 $19 22. Red1 Bg3 {...Qh4 is the strong threat.} 23. Nf1 (23. gxh5 $142 Qe7 24. Rb1) 23... Nxf1 $2 (23... Nxd1 24. Rxd1 Qh4 25. Nxg3 $19) (23... Qh4 $1 $19 {[%cal Rh4h3]} 24. gxh5 Qxh3) 24. Rxf1 $11 Qh4 25. Qxe6+ Kh8 {[#]} (25... Rf7 $1 $11 {remains equal.}) 26. Bg2 $2 {[%mdl 8192]} ({Reject} 26. gxh5 $6 Bc8 $11) (26. d5 $1 $16 {stays on course. Qh6+! would kill now.} hxg4 27. Qxg4 (27. Bxg4 cxd5 28. Qd7 d4 $11) 27... Qxg4 28. hxg4 cxd5 29. Bd4) 26... Rae8 (26... f3 $17 27. Rxf3 Rxf3 28. Bxf3 Bf4) 27. Qg6 $15 {Hoping for d5.} Re2 (27... hxg4 $5 {[%cal Rb7c8]} 28. d5 Re7 29. Qxg4 Qxg4 30. hxg4 cxd5 $15) 28. Qxh5+ ({Don't blunder} 28. d5 $2 Qe7 $19) 28... Qxh5 29. gxh5 Rfe8 30. Bf3 Ra2 (30... R2e3 $11) 31. Be1 $16 Re3 $2 {[%mdl 8192]} (31... Bc8 $14) 32. d5 $4 {[%mdl 8192]} (32. Bxg3 $18 fxg3 33. Rce1 Rxe1 34. Rxe1) 32... cxd5 $2 (32... Bh2+ $19 33. Kh1 cxd5) 33. cxd5 $2 {[%mdl 8192]} (33. Bxg3 $11 {and White stays safe.} dxc4 34. Bxf4 (34. Bxb7 Rxg3+ {[%mdl 64] Double Attack} 35. Kh1 Rxh3+ 36. Kg1 Rg3+ 37. Kh1 Rh3+ 38. Kg1 Rg3+ 39. Kh1 Rh3+ $11) 34... Bxf3 35. Bxe3 Rg2+ 36. Kh1 Rf2+ 37. Kg1 Rg2+ 38. Kh1 Rf2+ 39. Kg1 Rg2+) 33... Rxf3 $2 ({Better is} 33... Ba6 $19 34. d6 Bxe1 35. Rcxe1 Bxf1 36. Rxe3 fxe3) 34. Rxf3 $11 Bxd5 35. Rxg3 fxg3 36. Bxg3 $2 $19 {[%mdl 12288] Endgame KRB-KRB} (36. Rd1 $15 Bxb3 {[%mdl 64] Double Attack} 37. Rd3 Bxa4 38. Bc3) 36... Rg2+ {[%mdl 64] Double Attack} 37. Kf1 Rxg3 {[%mdl 64] Double Attack. KRB-KR} 38. Rc8+ Kh7 39. Kf2 Rxh3 40. Rb8 Rxb3 41. Re8 Rb2+ 42. Ke3 Kh6 43. Kf4 Bb3 $4 {[%mdl 8192]} (43... Rb4+ $19 44. Kf5 {[#]} Be4+ $1 {[%mdl 512]} 45. Ke6 Kxh5) 44. Rd8 $4 {[%mdl 8192]} (44. Rh8#) 44... Kh7 {Black is clearly winning.} 45. h6 Bxa4 46. Ke5 Kxh6 47. Rb8 Kg6 48. Ke6 Rd2 49. Ke7 Kf5 50. Rxb6 g5 51. Kf8 {[%mdl 32768] Both players deserved the win here. Accuracy: White = 41%, Black = 47%. . Sensor Board Error (Ke4/e5)?} 1-0

[Event "Stay Safe Play From Home 140"]
[Site "T#645950Emanuel Laske"]
[Date "2020.05.11"]
[Round "6"]
[White "Scorpio New"]
[Black "Little champs"]
[Result "0-1"]
[WhiteElo "2167"]
[BlackElo "2162"]
[Annotator "TA"]
[PlyCount "130"]
[EventDate "2020.05.11"]
[EventType "swiss (blitz)"]

{[%evp 9,130,-10,18,8,51,0,0,0,0,0,0,-1,-7,-6,31,38,36,20,20,-23,-16,-17,28,-16,0,-57,-36,-46,-36,-133,-2,-184,-42,-41,0,0,16,-79,-70,-84,-94,-134,-80,-132,-120,-156,-140,-150,-147,-149,-146,-135,-159,-176,-190,-219,-220,-220,-196,-433,-426,-482,-469,-1204,-1192,-29984,-29976,-6698,-1049,-2137,-2279,-2119,-1953,-1845,-1535,-6106,-5000,-12836,-12836,-12826,-6540,-5942,-5942,-5942,-5914,-5838,-5507,-1791,-1235,-12842,-12843,-12843,-12843,-29983,-29984,-29984,-29985,-29983,-12847,-12847,-12847,-29990,-29987,-29987,-29987,-29988,-29989,-29989,-29990,-29990,-29991,-29993,-29992,-29994,-29992,-29992,-29992,-29992,-29992,-29993,-29991,-29992,-29992]} 1. d3 c6 2. Nd2 d5 3. c3 {[#]} e6 $146 ({Predecessor:} 3... e5 4. Qc2 Nd7 5. Ngf3 Ngf6 6. e4 Bd6 7. Be2 Qc7 8. O-O O-O 9. Re1 b6 {0-1 (24) Viard,B (1290)-Priser,V (1180) Fouesnant 2005}) 4. Qc2 Nf6 5. e4 g6 6. Ngf3 {A00: Irregular Openings.} Bg7 7. g3 (7. d4 $14) 7... O-O $11 8. Bg2 {The position is equal.} Nbd7 9. O-O e5 10. Re1 Re8 11. a4 {[%cal Ba2a4,Ba4a5][%mdl 32]} dxe4 12. dxe4 b6 {[%cal Bb7b6,Bb6b5][%mdl 32]} 13. Nc4 Bf8 14. a5 {Hoping for axb6.} b5 15. Ne3 a6 16. h4 Bb7 17. Ng5 (17. Nh2 $11) 17... h6 18. Nf3 c5 $36 {[%mdl 2048] Black fights for an advantage.} 19. Nf1 ({Better is} 19. Nd2 $15) 19... Qc7 (19... c4 $17 {next ...Nc5 is good for Black.} 20. N3d2 Nc5) 20. Be3 $2 (20. b3 $11 {and White is okay.}) 20... Bc6 (20... Bxe4 $19 21. Qd2 Qc6) 21. N3d2 $15 Qb7 22. f3 c4 23. Kh2 (23. b4 $11) 23... Nc5 $17 {Black continues to play with concentration.} 24. Bxc5 Bxc5 25. Ne3 Rad8 (25... Qa7 $142 26. Ndf1 Kg7) 26. Ndf1 (26. b4 $142 Ba7 27. Bh3) 26... Rd7 27. Red1 Red8 28. Rxd7 Rxd7 29. Rd1 Kg7 30. Rxd7 Qxd7 31. Bh3 Qd8 32. Bg4 h5 33. Bh3 Qxa5 34. g4 $2 (34. Qd2 {might work better.}) 34... hxg4 $19 35. fxg4 Qb6 36. Nf5+ (36. Nd5 $142 Bxd5 37. exd5) 36... gxf5 37. gxf5 Bxe4 38. Qd2 Qd6 39. Qg5+ Kf8 40. Ng3 Bc2 41. h5 e4 42. h6 Bf2 43. Qg7+ Ke7 44. h7 Qxg3+ {[%mdl 64] [#] Overworked Piece} 45. Qxg3 Bxg3+ 46. Kxg3 Nxh7 47. Kf4 Kf6 48. Bf1 {[#]} e3 $1 49. Be2 (49. Kxe3 Ke5) 49... Bd3 50. Kxe3 Bxe2 51. Kxe2 Kxf5 {[%mdl 4096] Endgame KN-KPP} 52. Ke3 Ke5 53. Kf3 Kd5 (53... Ng5+ $142 54. Kg4 Ne6 55. Kf3 f5 56. Kf2 f4 57. Kf3 Kf5 58. Kg2 Ke4 59. Kh3 f3 60. Kg3 Nf4 61. b4 cxb3 62. Kg4 f2 63. Kg5 Ke5 64. Kg4 f1=Q 65. Kg3 Qg2+ 66. Kh4 Qh3+ {[%mdl 64] Double Attack} 67. Kg5 Qh5#) 54. Ke3 Nf6 55. b4 Nd7 {Black mates.} 56. Kd2 Nb6 57. Ke3 Na4 58. Kd2 Ke4 59. Kc2 Ke3 60. Kb1 Nxc3+ 61. Kb2 Nd5 62. Kc2 Kd4 63. Kb2 Nxb4 64. Kc1 Nd5 65. Kd1 b4 {Accuracy: White = 43%, Black = 65%.} 0-1

[Event "Stay Safe Play From Home 140"]
[Site "T#645950Emanuel Laske"]
[Date "2020.05.11"]
[Round "6"]
[White "Lazieri3"]
[Black "Shatarchin7"]
[Result "0-1"]
[WhiteElo "2092"]
[BlackElo "2246"]
[Annotator "TA"]
[PlyCount "152"]
[EventDate "2020.05.11"]
[EventType "swiss (blitz)"]

{[%evp 9,151,-3,2,0,-4,-4,122,0,98,-6,22,-19,-22,-29,-26,-25,6,-8,0,-87,-96,-89,-80,-139,-108,-191,-191,-183,-181,-194,-72,-70,-62,-86,-8,0,0,-6,33,29,66,49,96,102,121,106,108,0,0,0,17,0,125,91,521,506,617,593,29998,282,589,266,364,362,678,490,29998,625,685,634,772,723,708,786,684,635,640,372,1001,932,1822,1668,29973,12057,29974,29971,7314,6422,29980,29981,29981,29982,29977,29977,29981,29981,29984,-29976,-29977,-29977,-29978,-29980,-29981,-29981,-29982,-29982,-29983,-29983,-29984,-29984,-29985,-29987,-29986,-29986,-29987,-29987,-29988,-29988,-29989,-29989,-29990,-29990,-29991,-29991,-29991,-29991,-29992,-29992,-29993,-29993,-29994,-29996,-29994,-29994,-29993,-29993,-29993,-29993,-29994,-29994,-29995,-29998,-29999,-29999]} 1. e4 c5 2. Nc3 Nc6 3. d3 Nd4 4. Nf3 g6 5. Be3 Bg7 6. Be2 {B23: Closed Sicilian: Lines without g3.} e6 7. Qd2 {[#]} b6 $146 (7... Ne7 $11) ({Predecessor:} 7... d6 8. O-O Bd7 9. Nd1 Rc8 10. c3 Nxe2+ 11. Qxe2 Nf6 12. Bg5 Qc7 13. Bxf6 Bxf6 {0-1 (33) Capdeville,B (1298)-Krasnov,S (1926) San Francisco 2010}) 8. Bd1 (8. Bxd4 $1 $16 cxd4 9. Nb5) 8... Bb7 {[#]} (8... Ne7 $11 {keeps the balance.}) 9. Rb1 (9. Bxd4 $1 $16 cxd4 10. Nb5) 9... d6 10. a3 (10. Bxd4 $5 cxd4 11. Nb5 $11) 10... Ne7 11. Bh6 O-O 12. h4 {next h5 is good for White.} f6 13. Bxg7 Kxg7 14. g4 (14. h5 $11) 14... d5 $17 15. h5 g5 16. h6+ (16. Nxd4 $142 cxd4 17. Ne2) 16... Kh8 17. Nxd4 (17. b4 $17 {was called for.}) 17... cxd4 $19 18. Ne2 dxe4 19. dxe4 e5 (19... Bxe4 $19 20. O-O e5) 20. f3 $17 Ng6 21. c3 {[%cal Rc3d4]} dxc3 ({Black should try} 21... Qe7 $17) 22. Qxd8 $11 Rfxd8 23. Nxc3 Rd3 24. Be2 Rd7 25. Kf2 Nf4 26. Rhd1 $36 {[%mdl 2048] White has strong initiative.} Rad8 27. Rxd7 Rxd7 28. Rd1 (28. Bc4 $16) 28... Rxd1 29. Nxd1 {[%mdl 4096] Endgame KBN-KBN} Kg8 30. Ne3 Kf7 {[#]} (30... Nxe2 $11 {remains equal.} 31. Kxe2 Kf7) 31. Bc4+ $1 $16 Kg6 $2 {[%mdl 8192]} (31... Kf8 $16 {is more resistant.}) 32. Nf5 $18 a6 33. Nd6 {Intending Bf7+ and mate.} Bc6 {If only Black now had time for ...Bd7....} 34. Bxa6 $2 (34. Bf7+ {mates} Kxh6 35. Nf5#) 34... Kxh6 $2 (34... Bd7 {is a better chance.} 35. b4 Kxh6) 35. Nc4 (35. Nf5+ $142 Kg6 36. Ne7+ {[%mdl 64] Double Attack} Kf7 37. Nxc6) 35... b5 36. Nd6 Ne6 $2 (36... Kg7 37. b4 (37. Nxb5 Nd3+ 38. Ke3 Nxb2 $14) (37. Bxb5 Bxb5 38. Nxb5 Nd3+ {[%mdl 64] Double Attack} 39. Ke2 Nxb2 $18) 37... Kf8 38. Nxb5 Ke7) 37. Bxb5 Ba8 (37... Bxb5 $18 38. Nxb5 Nd8) 38. Ke3 (38. Nf5+ $142 Kg6 39. Be8#) 38... Nd4 39. Bc4 Kg7 40. Bd5 Bxd5 41. exd5 {KN-KN} Kf8 42. Ne4 Ke7 43. b4 Nb5 $2 (43... Nc2+ 44. Kd3 Nxa3 45. d6+ Kf7) 44. a4 Na3 45. a5 Nc2+ 46. Kd3 Nxb4+ 47. Kc4 Na6 48. Kb5 Nc7+ 49. Kc6 Na6 50. d6+ Kd8 51. Nc5 Nb4+ 52. Kb7 Nd3 53. a6 $4 {[%mdl 8192]} (53. Nxd3 {avoids the disaster.} Kd7 54. a6 Kxd6 55. a7 Kd5 56. a8=Q h6 57. Qa4 Ke6 58. Nc5+ Kd6 59. Qc6+ Ke7 60. Qd7+ Kf8 61. Ne6+ Kg8 62. Qg7#) 53... Nxc5+ {Black mates.} 54. Kb6 {[#]} Nxa6 $1 55. Kxa6 {KP-KP} Kd7 56. Kb5 Kxd6 57. Kc4 Ke6 58. Kd3 f5 59. Ke3 fxg4 60. Ke4 gxf3 61. Kxf3 Kf5 62. Kg3 h5 63. Kf2 h4 64. Kg2 g4 65. Kh2 Kf4 66. Kg2 e4 67. Kf2 e3+ 68. Ke2 Ke4 69. Kf1 h3 70. Kg1 Kd4 71. Kh2 Kd3 72. Kg3 Kd2 73. Kh2 e2 74. Kg3 e1=Q+ 75. Kh2 Qf2+ 76. Kh1 Qg2# {What a fight! Accuracy: White = 68%, Black = 41%.} 0-1

[Event "Stay Safe Play From Home 140"]
[Site "T#645950Emanuel Laske"]
[Date "2020.05.11"]
[Round "6"]
[White "MartinKestler"]
[Black "Chesspugnator"]
[Result "1-0"]
[WhiteElo "1909"]
[BlackElo "1888"]
[Annotator "TA"]
[PlyCount "117"]
[EventDate "2020.05.11"]
[EventType "swiss (blitz)"]

{[%evp 9,117,23,22,24,39,29,49,48,59,29,38,27,56,52,68,62,108,101,87,0,0,0,0,0,0,0,0,0,0,0,0,0,87,80,94,14,14,16,20,7,6,0,0,0,89,95,80,80,80,84,134,102,129,0,0,0,0,0,0,0,0,0,0,0,0,0,0,0,0,0,0,0,0,0,0,0,0,-29969,-29971,-29986,-29987,-29987,0,-4622,29992,29992,29993,29994,29995,29995,29996,29996,29996,29997,29997,29996,29998,29999,29999,29995,29998,29997,29997,29998,29998,29997,29998,29997,29998,29997]} 1. Nf3 d5 2. b3 c6 3. Bb2 Bg4 4. g3 Bxf3 5. exf3 Nf6 6. Bg2 {A06: Réti Opening: 1 Nf3 d5.} e6 7. O-O Bd6 8. d4 {White is slightly better.} O-O 9. Nd2 {[#]} Nbd7 $146 {[%cal Bb8d7,Bd7c5,Bc5d3][%mdl 32]} ({Predecessor:} 9... Qe7 10. a4 a5 11. f4 Nbd7 12. Re1 Qd8 13. Nf3 b5 14. Ne5 Qc7 15. Re3 Rfb8 {½-½ (29) Maris,I (2413)-Van Baar,E (2181) Groningen 2019}) 10. c4 Re8 11. f4 c5 12. dxc5 Nxc5 13. cxd5 exd5 14. Re1 (14. Bxf6 $16 Qxf6 15. Bxd5) 14... Rxe1+ $11 15. Qxe1 Nd3 $1 {[%csl LRb2,LRe1]} 16. Qb1 Nxb2 17. Qxb2 Qb6 18. Nf3 {[%cal Bd2f3,Bf3e5,Be5d7][%mdl 32]} Bc5 19. Rf1 Ne4 20. Ne5 f6 (20... Rd8 $11) 21. Nd7 $16 Qc6 22. Bxe4 (22. Nxc5 $16 Qxc5 23. Rc1) 22... dxe4 $11 23. Nxc5 Qxc5 $16 {[%mdl 4096] Endgame KQR-KQR} 24. Rc1 Qd5 25. Qc2 Rd8 26. Qc4 Kf7 (26... Qxc4 $11 27. Rxc4 Rd1+ 28. Kg2 Rd2) 27. Qxd5+ Rxd5 {KR-KR} 28. Rc7+ {[%mdl 64] Double Attack} Kg6 29. Rxb7 Rd1+ 30. Kg2 Rd2 31. Kf1 ({Better is} 31. Rxa7 $16 {Black must now prevent a4.} e3 32. Kf3) 31... Rxa2 $11 32. b4 h5 33. h4 Rb2 34. b5 Kf5 35. Rxa7 Rxb5 36. Rxg7 Rb4 37. Rg8 Rb2 38. Ke1 Rb1+ 39. Ke2 Rb2+ 40. Kf1 Rb1+ 41. Kg2 Rb2 42. Rh8 e3 43. Rxh5+ $2 {[%mdl 8192] [#]} (43. Re8 $11 Rxf2+ 44. Kg1) 43... Kg4 $1 {[%mdl 512]} 44. Rh8 Rxf2+ 45. Kg1 Kh3 $2 (45... Kxg3 {mates} 46. Re8 Kf3 47. Rc8 Rg2+ 48. Kh1 e2 49. Rc1 Kf2 50. Rc2 {[#]} Rg4 $1 {[%mdl 576] Double Attack} 51. Rxe2+ Kxe2 52. Kh2 Kf3 53. Kh3 Rg3+ 54. Kh2 f5 55. Kh1 Rh3+ {[%mdl 64] Double Attack} 56. Kg1 Rxh4 57. Kf1 Rh1#) 46. Rg8 $2 {[%mdl 8192]} (46. Re8 $11) 46... Rf1+ $4 {[%mdl 8192]} (46... Rf3 $19 47. Re8 Kxg3) 47. Kxf1 {White mates.} e2+ 48. Kxe2 {KR-KP} f5 49. h5 Kh2 50. h6 Kg1 51. h7 Kg2 52. g4 Kg1 53. gxf5+ {KR-K} Kh2 {[#]} 54. Rg2+ $1 Kh1 (54... Kxg2 55. h8=Q) 55. h8=Q+ Kxg2 56. Qg7+ Kh1 57. Qf7 Kh2 58. Qf6 Kh1 59. Qe6 {Accuracy: White = 81%, Black = 75%.} 1-0

[Event "Stay Safe Play From Home 140"]
[Site "T#645950Emanuel Laske"]
[Date "2020.05.11"]
[Round "6"]
[White "Muralikrishna"]
[Black "Patzeroglu"]
[Result "0-1"]
[WhiteElo "1831"]
[BlackElo "1842"]
[Annotator "NA RC"]
[PlyCount "86"]
[EventDate "2020.05.11"]
[EventType "swiss (blitz)"]

1. e4 {[%emt 0:00:02]} c5 {[%emt 0:00:00]} 2. d4 {[%emt 0:00:01]} Nf6 {[%emt 0:00:00]} 3. c3 {[%emt 0:00:01]} cxd4 {[%emt 0:00:03]} 4. e5 {[%emt 0:00:01]} Nd5 {[%emt 0:00:02]} 5. cxd4 {[%emt 0:00:00]} e6 {[%emt 0:00:01]} 6. Nf3 {[%emt 0:00:02]} Nc6 {[%emt 0:00:00]} 7. Bd3 {[%emt 0:00:01]} d6 {[%emt 0:00:00]} 8. exd6 {[%emt 0:00:01]} Bxd6 {[%emt 0:00:01]} 9. O-O {[%emt 0:00:00]} O-O {[%emt 0:00:00]} 10. Nc3 {[%emt 0:00:01]} Nxc3 {[%emt 0:00:02]} 11. bxc3 {[%emt 0:00:01]} h6 {[%emt 0:00:00]} 12. Bc2 {[%emt 0:00:02]} b6 {[%emt 0:00:00]} 13. Be3 {[%emt 0:00:02]} f5 {[%emt 0:00:00]} 14. Re1 {[%emt 0:00:03]} Kh8 {[%emt 0:00:03]} 15. Ba4 {[%emt 0:00:04]} Bd7 {[%emt 0:00:02]} 16. Qd2 {[%emt 0:00:01]} Nxd4 {[%emt 0:00:03]} 17. Qxd4 {[%emt 0:00:03]} Bxa4 {[%emt 0:00:05]} 18. Qxa4 {[%emt 0:00:01]} e5 {[%emt 0:00:01]} 19. Rad1 {[%emt 0:00:01]} Qc7 {[%emt 0:00:01]} 20. Qh4 {[%emt 0:00:05]} f4 {[%emt 0:00:02]} 21. Bd2 {[%emt 0:00:01]} Rae8 {[%emt 0:00:03]} 22. Bc1 {[%emt 0:00:02]} e4 {[%emt 0:00:01]} 23. Nd4 {[%emt 0:00:01]} Qxc3 {[%emt 0:00:02]} 24. Qg4 {[%emt 0:00:02]} Bc5 {[%emt 0:00:05]} 25. Bb2 {[%emt 0:00:02]} Qxb2 {[%emt 0:00:01]} 26. Nf5 {[%emt 0:00:02]} Qxf2+ {[%emt 0:00:02]} 27. Kh1 {[%emt 0:00:01]} Rxf5 {[%emt 0:00:00]} 28. Qxf5 {[%emt 0:00:01]} f3 {[%emt 0:00:00]} 29. gxf3 {[%emt 0:00:02]} e3 {[%emt 0:00:00]} 30. Qf7 {[%emt 0:00:03]} Rf8 {[%emt 0:00:02]} 31. Qh5 {[%emt 0:00:01]} Qxf3+ {[%emt 0:00:01]} 32. Qxf3 {[%emt 0:00:01]} Rxf3 {[%emt 0:00:00]} 33. Re2 {[%emt 0:00:00]} Kh7 {[%emt 0:00:00]} 34. Kg2 {[%emt 0:00:01]} Rf5 {[%emt 0:00:00]} 35. Rf1 {[%emt 0:00:00]} Rg5+ {[%emt 0:00:00]} 36. Kh1 {[%emt 0:00:02]} Rd5 {[%emt 0:00:00]} 37. Rg1 {[%emt 0:00:00]} Rd2 {[%emt 0:00:01]} 38. Rf1 {[%emt 0:00:00]} Rxe2 {[%emt 0:00:01]} 39. Rf7 {[%emt 0:00:00]} Rf2 {[%emt 0:00:00]} 40. Kg1 {[%emt 0:00:01]} Rxf7 {[%emt 0:00:01]} 41. Kg2 {[%emt 0:00:01]} e2 {[%emt 0:00:00]} 42. Kh3 {[%emt 0:00:00]} e1=Q {[%emt 0:00:00]} 43. Kg4 {[%emt 0:00:00]} Qe4+ {[%emt 0:00:00] Time (Lag: Av=1.04s, max=2.4s)} 0-1

[Event "Stay Safe Play From Home 140"]
[Site "T#645950Emanuel Laske"]
[Date "2020.05.11"]
[Round "6"]
[White "Papl"]
[Black "UHU4"]
[Result "0-1"]
[WhiteElo "1700"]
[BlackElo "1504"]
[Annotator "NA RC"]
[PlyCount "54"]
[EventDate "2020.05.11"]
[EventType "swiss (blitz)"]

1. e4 {[%emt 0:00:02]} d5 {[%emt 0:00:03]} 2. exd5 {[%emt 0:00:02]} Qxd5 {[%emt 0:00:01]} 3. Nc3 {[%emt 0:00:00]} Qa5 {[%emt 0:00:01]} 4. d4 {[%emt 0:00:01]} c6 {[%emt 0:00:00]} 5. Nf3 {[%emt 0:00:01]} Nf6 {[%emt 0:00:01]} 6. Bd2 {[%emt 0:00:00]} Qc7 {[%emt 0:00:02]} 7. Bd3 {[%emt 0:00:01]} Bg4 {[%emt 0:00:01]} 8. O-O {[%emt 0:00:01]} Nbd7 {[%emt 0:00:01]} 9. h3 {[%emt 0:00:01]} h5 {[%emt 0:00:00]} 10. Ne4 {[%emt 0:00:05]} O-O-O {[%emt 0:00:02]} 11. Nxf6 {[%emt 0:00:01]} gxf6 {[%emt 0:00:01]} 12. c3 {[%emt 0:00:03]} e6 {[%emt 0:00:02]} 13. Qa4 {[%emt 0:00:07]} Kb8 {[%emt 0:00:03]} 14. Be3 {[%emt 0:00:07]} Nb6 {[%emt 0:00:02]} 15. Qb3 {[%emt 0:00:04]} Bd6 {[%emt 0:00:01]} 16. a4 {[%emt 0:00:05]} Rdg8 {[%emt 0:00:02]} 17. a5 {[%emt 0:00:01]} Bxh3 {[%emt 0:00:01]} 18. axb6 {[%emt 0:00:01]} Rxg2+ {[%emt 0:00:04]} 19. Kh1 {[%emt 0:00:01]} axb6 {[%emt 0:00:07]} 20. Qa4 {[%emt 0:00:05]} Kc8 {[%emt 0:00:05]} 21. Qa8+ {[%emt 0:00:02]} Kd7 {[%emt 0:00:05]} 22. Qxh8 {[%emt 0:00:01]} Rg6 {[%emt 0:00:09]} 23. Ne5+ {[%emt 0:00:01]} Bxe5 {[%emt 0:00:01]} 24. dxe5 {[%emt 0:00:01]} Qxe5 {[%emt 0:00:01]} 25. f4 {[%emt 0:00:01]} Qd5+ {[%emt 0:00:02]} 26. Be4 {[%emt 0:00:01]} Qxe4+ {[%emt 0:00:01]} 27. Kh2 {[%emt 0:00:00]} Qg2# {[%emt 0:00:03] (Lag: Av=0.61s, max=0.9s)} 0-1

[Event "Stay Safe Play From Home 140"]
[Site "T#645950Emanuel Laske"]
[Date "2020.05.11"]
[Round "6"]
[White "Edmatuag"]
[Black "Chase the sun"]
[Result "0-1"]
[WhiteElo "1672"]
[BlackElo "1805"]
[Annotator "NA RC"]
[PlyCount "60"]
[EventDate "2020.05.11"]
[EventType "swiss (blitz)"]

1. e4 {[%emt 0:00:01]} e6 {[%emt 0:00:01]} 2. d4 {[%emt 0:00:02]} d5 {[%emt 0:00:00]} 3. Nc3 {[%emt 0:00:03]} Bb4 {[%emt 0:00:01]} 4. e5 {[%emt 0:00:01]} Ne7 {[%emt 0:00:01]} 5. a3 {[%emt 0:00:01]} Bxc3+ {[%emt 0:00:01]} 6. bxc3 {[%emt 0:00:00]} c5 {[%emt 0:00:01]} 7. Bd3 {[%emt 0:00:01]} Qc7 {[%emt 0:00:01]} 8. Nf3 {[%emt 0:00:01]} b6 {[%emt 0:00:00]} 9. O-O {[%emt 0:00:03]} Ba6 {[%emt 0:00:01]} 10. Bxa6 {[%emt 0:00:06]} Nxa6 {[%emt 0:00:00]} 11. Qe2 {[%emt 0:00:01]} Nb8 {[%emt 0:00:01]} 12. a4 {[%emt 0:00:03]} Nd7 {[%emt 0:00:02]} 13. Ba3 {[%emt 0:00:01]} O-O {[%emt 0:00:02]} 14. Rfe1 {[%emt 0:00:02]} h6 {[%emt 0:00:01]} 15. g4 {[%emt 0:00:02]} Rac8 {[%emt 0:00:01]} 16. g5 {[%emt 0:00:01]} Ng6 {[%emt 0:00:01]} 17. gxh6 {[%emt 0:00:01]} cxd4 {[%emt 0:00:01]} 18. cxd4 {[%emt 0:00:02]} gxh6 {[%emt 0:00:05]} 19. Bxf8 {[%emt 0:00:02]} Rxf8 {[%emt 0:00:00]} 20. Qe3 {[%emt 0:00:01]} Kh7 {[%emt 0:00:02]} 21. h4 {[%emt 0:00:02]} Rg8 {[%emt 0:00:02]} 22. Kh2 {[%emt 0:00:02]} Ngxe5 {[%emt 0:00:05]} 23. Nxe5 {[%emt 0:00:02]} f6 {[%emt 0:00:01]} 24. Rg1 {[%emt 0:00:06]} fxe5 {[%emt 0:00:03]} 25. dxe5 {[%emt 0:00:04]} Nxe5 {[%emt 0:00:01]} 26. f4 {[%emt 0:00:02]} Ng4+ {[%emt 0:00:02]} 27. Rxg4 {[%emt 0:00:01]} Rxg4 {[%emt 0:00:00]} 28. Rg1 {[%emt 0:00:02]} Qxf4+ {[%emt 0:00:02]} 29. Qxf4 {[%emt 0:00:02]} Rxf4 {[%emt 0:00:00]} 30. Re1 {[%emt 0:00:02]} Rxa4 {[%emt 0:00:01] Time (Lag: Av=0.48s, max=0.9s)} 0-1